000 00780nam a22002657a 4500
001 6886
003 FISKH
005 20250604120125.0
008 250604b cb ||||| |||| 00| 0 eng d
040 _aFISKH
_beng
_cFISKH
_dFISKH
050 _aPZ7 R365 F
082 _a513.211
100 _aRiches, Sara
245 _aFat frogs on a skinny log /
_cSara Riches
250 _aFirst Scholastic printing, October 2001
260 _aNew York :
_bScholastic,
_c2000.
300 _a32 unnumbered pages :
_bcolor illustrations ;
_c21 x 25 cm
505 _aE
520 _aTen frogs jump on a log one after the other until they all fall off.
521 8 _a160
_bLexile
521 8 _aE
_bRaz-Plus
650 _aCounting
_vFrogs
942 _2ddc
_cBK
_n0
999 _c6886
_d6886